00756nam a2200217Ia 4500003000900000008004100009020001800050040001600068080001700084245012200101260004100223300001800264650001300282650001800295650004100313650003400354700003200388942000700420999001700427952009400444IN-BaIIA211028s9999 xx 000 0 eng d a0-935702-68-7 cIIA Library a(059)52bSEI 0aExplanatory supplement to the astronomical almanaccedited by P. K. Seidelmann  aCaliforniabUniversity Sciencec1992 axxxviii,752p. aAlmanacs aAstronomy980 aAstronomy and Astrophysics Thesaurus aExplanatory supplement919200 aSeidelmann, P.K. ed.919201 cBK c11209d11209 00104070aBANbBANcGENd1995-02-14l0o(059)52/ SEIp12123r2021-11-05w1995-02-14yBK